Analýza vývoja finančnej situácie konkrétnych podnikov v časovom rade v kontexte zachovania majetkovej podstaty diplomová práca

Na minha lista:
Detalhes bibliográficos
Autor principal: Jantošová, Martina
Autor Corporativo: Fakulta hospodárskej informatiky EU. Katedra účtovníctva a audítorstva
Outros Autores: Pakšiová, Renáta, 1974-
Formato: Livro
Idioma:eslovaco
Publicado em: Bratislava 2018
Tags: Adicionar Tag
Sem tags, seja o primeiro a adicionar uma tag!

MARC

LEADER 00000nbm a2200000 4500
001 0243593
005 20181108091418.8
041 0 |a slo 
044 |a SK 
245 1 0 |a Analýza vývoja finančnej situácie konkrétnych podnikov v časovom rade v kontexte zachovania majetkovej podstaty  |b diplomová práca  |c Martina Jantošová ; školiteľ: Renáta Pakšiová 
264 1 |a Bratislava  |c 2018 
300 |a 66 s. 
100 1 |a Jantošová, Martina 
700 1 |a Pakšiová, Renáta, 1974- 
710 2 |a Fakulta hospodárskej informatiky EU. Katedra účtovníctva a audítorstva